000 00322nam a2200133Ia 4500
005 20251222153538.0
008 251222s9999||||xx |||||||||||||| ||spa||
020 _a8471413213
082 _a200/C76
245 0 _aCongreso Iglesia y Salud
250 _a1ra. ed.
264 _bConferencia Episcopal EspaƱola
942 _cLIB
999 _c30369
_d30369